Estadísticas para Copa Mundial de la FIFA 1938

Haz click aquí para intentar la prueba.

Estadísticas generales

  • Esta prueba ha sido intentada 48 veces
    (43 desde el último reinicio)
  • La puntuación promedio es 11 de 15

Estadísticas de respuestas

EQUIPOS% Correcto
Francia
100%
Brasil
97%
Alemania
94%
Italia
94%
Hungria
86%
Países Bajos
86%
Suecia
86%
Suiza
86%
Bélgica
83%
Polonia
74%
Checoslovaquia
71%
Rumanía
66%
Noruega
54%
Cuba
43%
Indonesia (Indias Orientales Neerlandesas)
23%

Distribución de puntuación

Porcentaje por número respondido

Porcentaje de gente con cada puntuación

Historial de tus puntuaciones

No has intentado esta prueba desde el último reinicio